000
00316nam a22001337a 4500
008
150522b xxu||||| |||| 00| 0 eng d
020
_a
8120321219
082
_a
GOO
100
_a
GOODAIRE, EDGAR G.
245
_a
DISCRETE MATHEMATICS WITH GRAPH THEORY
250
_a
2ND Ed.
260
_a
INDIA
_b
PHI
_c
2003
942
_c
BK
999
_c
23140
_d
23140